Sistema de los estados mundiales / (Record no. 144446)

MARC details
000 -LEADER
campo de control de longitud fija 01012nam a2200277 i 4500
001 - NÚMERO DE CONTROL
campo de control 144446
003 - IDENTIFICADOR DE NÚMERO DE CONTROL
campo de control ES-MaACL
005 - FECHA Y HORA DE LA ÚLTIMA TRANSACCIÓN
campo de control 20250815004216.0
007 - CAMPO FIJO DE DESCRIPCIÓN FÍSICA--INFORMACIÓN GENERAL
campo de control de longitud fija t|
008 - DATOS DE LONGITUD FIJA--INFORMACIÓN GENERAL
campo de control de longitud fija 070214s1969 sp r ||||1| spa d
245 00 - MENCIÓN DEL TÍTULO
Título Sistema de los estados mundiales /
Mención de responsabilidad, etc. por Walter Goetz, Félix Salomón, Hermann Wätjen, Hans Heinrich Schaeder, Martin Winkler, F.E.A. Krause ; versión española de Manuel García Morente.
250 ## - MENCION DE EDICION
Mención de edición 7ª ed.
260 ## - PUBLICACIÓN, DISTRIBUCIÓN, ETC.
Lugar de publicación, distribución, etc. Madrid :
Nombre del editor, distribuidor, etc. Espasa Calpe,
Fecha de publicación, distribución, etc. 1969.
300 ## - DESCRIPCIÓN FÍSICA
Extensión XVI, 738 p., 34 lám. :
Otras características físicas il. ;
Dimensiones 27 cm.
650 #7 - PUNTO DE ACCESO ADICIONAL DE MATERIA--TÉRMINO DE MATERIA
Término de materia o nombre geográfico como elemento de entrada Historia contemporánea
Fuente del encabezamiento o término embne
9 (RLIN) 13393
700 1# - ENTRADA AGREGADA--NOMBRE PERSONAL
Nombre de persona Goetz, Walter,
Fechas asociadas al nombre 1867-1958
9 (RLIN) 57579
700 1# - ENTRADA AGREGADA--NOMBRE PERSONAL
Nombre de persona García Morente, Manuel,
Fechas asociadas al nombre 1886-1942
9 (RLIN) 55002
700 1# - ENTRADA AGREGADA--NOMBRE PERSONAL
Nombre de persona Salomon, Felix.
9 (RLIN) 168690
700 1# - ENTRADA AGREGADA--NOMBRE PERSONAL
Nombre de persona Wätjen, Hermann.
9 (RLIN) 168689
700 1# - ENTRADA AGREGADA--NOMBRE PERSONAL
Nombre de persona Schaeder, Hans Heinrich,
Fechas asociadas al nombre 1896-1957
9 (RLIN) 168674
700 1# - ENTRADA AGREGADA--NOMBRE PERSONAL
Nombre de persona Winkler, Martin.
9 (RLIN) 168682
700 1# - ENTRADA AGREGADA--NOMBRE PERSONAL
Nombre de persona Krause, F. E. A.
9 (RLIN) 168760
852 ## - LOCALIZACIÓN
Ubicación ES-MaACL
Número de control de estantería C-36417
942 ## - ELEMENTOS DE ENTRADA SECUNDARIOS (KOHA)
Fuente del sistema de clasificación o colocación Clasificación decimal universal
Holdings
Estatus retirado Estado de pérdida Estado de daño No para préstamo Biblioteca de origen Biblioteca actual Ubicación en estantería Fecha de adquisición Fuente de adquisición Total de préstamos Signatura topográfica completa Código de barras Visto por última vez Precio de reemplazo Tipo de ítem Koha
        Biblioteca del Ateneo de Madrid Biblioteca del Ateneo de Madrid Depósito 2 17/01/2008     C-36417 1150286 23/02/2023 23/02/2023 Libro impreso